<?xml version="1.0" encoding="UTF-8"?><?xml-stylesheet type="text/xsl" href="static/style.xsl"?><OAI-PMH xmlns="http://www.openarchives.org/OAI/2.0/" xmlns:xsi="http://www.w3.org/2001/XMLSchema-instance" xsi:schemaLocation="http://www.openarchives.org/OAI/2.0/ http://www.openarchives.org/OAI/2.0/OAI-PMH.xsd"><responseDate>2026-04-26T23:29:00Z</responseDate><request verb="GetRecord" identifier="oai:repisalud.isciii.es:20.500.12105/9202" metadataPrefix="marc">https://repisalud.isciii.es/rest/oai/request</request><GetRecord><record><header><identifier>oai:repisalud.isciii.es:20.500.12105/9202</identifier><datestamp>2025-04-10T11:23:55Z</datestamp><setSpec>com_20.500.12105_2052</setSpec><setSpec>com_20.500.12105_2051</setSpec><setSpec>col_20.500.12105_19613</setSpec></header><metadata><record xmlns="http://www.loc.gov/MARC21/slim" xmlns:dcterms="http://purl.org/dc/terms/" xmlns:doc="http://www.lyncode.com/xoai" xmlns:xsi="http://www.w3.org/2001/XMLSchema-instance" xsi:schemaLocation="http://www.loc.gov/MARC21/slim http://www.loc.gov/standards/marcxml/schema/MARC21slim.xsd">
   <leader>00925njm 22002777a 4500</leader>
   <datafield ind2=" " ind1=" " tag="042">
      <subfield code="a">dc</subfield>
   </datafield>
   <datafield ind2=" " ind1=" " tag="720">
      <subfield code="a">Royo-Bordonada, Miguel Angel</subfield>
      <subfield code="e">author</subfield>
   </datafield>
   <datafield ind2=" " ind1=" " tag="720">
      <subfield code="a">Lobos Bejarano, José María</subfield>
      <subfield code="e">author</subfield>
   </datafield>
   <datafield ind2=" " ind1=" " tag="720">
      <subfield code="a">Villar Alvarez, Fernando</subfield>
      <subfield code="e">author</subfield>
   </datafield>
   <datafield ind2=" " ind1=" " tag="720">
      <subfield code="a">Sans, Susana</subfield>
      <subfield code="e">author</subfield>
   </datafield>
   <datafield ind2=" " ind1=" " tag="720">
      <subfield code="a">Pérez, Antonio</subfield>
      <subfield code="e">author</subfield>
   </datafield>
   <datafield ind2=" " ind1=" " tag="720">
      <subfield code="a">Pedro-Botet, Juan</subfield>
      <subfield code="e">author</subfield>
   </datafield>
   <datafield ind2=" " ind1=" " tag="720">
      <subfield code="a">Moreno Carriles, Rosa María</subfield>
      <subfield code="e">author</subfield>
   </datafield>
   <datafield ind2=" " ind1=" " tag="720">
      <subfield code="a">Maiques, Antonio</subfield>
      <subfield code="e">author</subfield>
   </datafield>
   <datafield ind2=" " ind1=" " tag="720">
      <subfield code="a">Lizcano, Angel</subfield>
      <subfield code="e">author</subfield>
   </datafield>
   <datafield ind2=" " ind1=" " tag="720">
      <subfield code="a">Lizarbe, Vicenta</subfield>
      <subfield code="e">author</subfield>
   </datafield>
   <datafield ind2=" " ind1=" " tag="720">
      <subfield code="a">Gil-Núñez, Antonio</subfield>
      <subfield code="e">author</subfield>
   </datafield>
   <datafield ind2=" " ind1=" " tag="720">
      <subfield code="a">Fornés-Ubeda, Francisco</subfield>
      <subfield code="e">author</subfield>
   </datafield>
   <datafield ind2=" " ind1=" " tag="720">
      <subfield code="a">Elosua, Roberto</subfield>
      <subfield code="e">author</subfield>
   </datafield>
   <datafield ind2=" " ind1=" " tag="720">
      <subfield code="a">de Santiago Nocito, Ana</subfield>
      <subfield code="e">author</subfield>
   </datafield>
   <datafield ind2=" " ind1=" " tag="720">
      <subfield code="a">de Pablo Zarzosa, Carmen</subfield>
      <subfield code="e">author</subfield>
   </datafield>
   <datafield ind2=" " ind1=" " tag="720">
      <subfield code="a">de Álvaro-Moreno, Fernando</subfield>
      <subfield code="e">author</subfield>
   </datafield>
   <datafield ind2=" " ind1=" " tag="720">
      <subfield code="a">Cortés, Olga</subfield>
      <subfield code="e">author</subfield>
   </datafield>
   <datafield ind2=" " ind1=" " tag="720">
      <subfield code="a">Cordero, Alberto</subfield>
      <subfield code="e">author</subfield>
   </datafield>
   <datafield ind2=" " ind1=" " tag="720">
      <subfield code="a">Camafort Babkowski, Miguel</subfield>
      <subfield code="e">author</subfield>
   </datafield>
   <datafield ind2=" " ind1=" " tag="720">
      <subfield code="a">Brotons Cuixart, Carlos</subfield>
      <subfield code="e">author</subfield>
   </datafield>
   <datafield ind2=" " ind1=" " tag="720">
      <subfield code="a">Armario, Pedro</subfield>
      <subfield code="e">author</subfield>
   </datafield>
   <datafield ind2=" " ind1=" " tag="260">
      <subfield code="c">2013-03</subfield>
   </datafield>
   <datafield ind2=" " ind1=" " tag="520">
      <subfield code="a">Based on the two main frameworks for evaluating scientific evidence--SEC and GRADE--European cardiovascular prevention guidelines recommend interventions across all life stages using a combination of population-based and high-risk strategies with diet as the cornerstone of prevention. The evaluation of cardiovascular risk (CVR) incorporates HDL levels and psychosocial factors, a very high risk category, and the concept of age-risk. They also recommend cognitive-behavioural methods (e.g., motivational interviewing, psychological interventions, led by health professionals and with the participation of the patient's family, to counterbalance psychosocial stress and reduce CVR through the institution of positive habits such as a healthy diet, physical activity, smoking cessation, and adherence to treatment. Additionally, public health interventions--such as smoking ban in public areas or the elimination of trans fatty acids from the food chain--are also essential. Other innovations include abandoning antiplatelet therapy in primary prevention and the recommendation of maintaining blood pressure (BP) within the 130-139/80-85 mmHg range in diabetic patients and individuals with high CVR. Finally, due to the significant impact on patient progress and medical costs, special emphasis is given to the low therapeutic adherence levels observed. In sum, improving cardiovascular prevention requires a true partnership among the political class, public administrations, scientific and professional associations, health foundations, consumer associations, patients and their families. Such partnership would promote population-based and individual strategies by taking advantage of the broad spectrum of scientific evidence available, from clinical trials to observational studies and mathematical models to evaluate population-based interventions, including cost-effectiveness analyses.  Las guías europeas de prevención cardiovascular contemplan dos sistemas de evaluación de la evidencia (SEC y GRADE) y recomiendan combinar las estrategias poblacional y de alto riesgo, interviniendo en todas las etapas de la vida, con la dieta como piedra angular de la prevención. La valoración del RCV incorpora los niveles de HDL y los factores psicosociales, una categoría de muy alto riesgo y el concepto edad-riesgo. Se recomienda el uso de métodos cognitivo-conductuales (entrevista motivadora, intervenciones psicológicas), aplicados por profesionales sanitarios, con la participación de familiares de los pacientes, para contrarrestar el estrés psicosocial y reducir el RCV mediante dietas saludables, entrenamiento físico, abandono del tabaco y cumplimiento terapéutico. También se requieren medidas de salud pública, como la prohibición de fumar en lugares públicos o eliminar los ácidos grasos trans de la cadena alimentaria. Otras novedades consisten en desestimar el tratamiento antiagregante en prevención primaria y la recomendación de mantener la PA dentro del rango 130-139/80-85 mmHg en pacientes diabéticos o con RCV alto. Se destaca el bajo cumplimiento terapéutico observado, porque influye en el pronóstico de los pacientes y en los costes sanitarios. Para mejorar la prevención cardiovascular se precisa una verdadera alianza entre políticos, administraciones, asociaciones científicas y profesionales de la salud, fundaciones de salud, asociaciones de consumidores, pacientes y sus familias, que impulse las estrategias poblacional e individual, mediante el uso de toda la evidencia científica disponible, desde ensayos clínicos hasta estudios observacionales y modelos matemáticos para evaluar intervenciones a nivel poblacional, incluyendo análisis de coste-efectividad.</subfield>
   </datafield>
   <datafield ind1="8" ind2=" " tag="024">
      <subfield code="a">Rev Esp Salud Publica. 2013 Mar-Apr;87(2):103-20.</subfield>
   </datafield>
   <datafield ind1="8" ind2=" " tag="024">
      <subfield code="a">1135-5727</subfield>
   </datafield>
   <datafield ind1="8" ind2=" " tag="024">
      <subfield code="a">http://hdl.handle.net/20.500.12105/9202</subfield>
   </datafield>
   <datafield ind1="8" ind2=" " tag="024">
      <subfield code="a">23775101</subfield>
   </datafield>
   <datafield ind1="8" ind2=" " tag="024">
      <subfield code="a">10.4321/S1135-57272013000200002</subfield>
   </datafield>
   <datafield ind1="8" ind2=" " tag="024">
      <subfield code="a">2173-9110</subfield>
   </datafield>
   <datafield ind1="8" ind2=" " tag="024">
      <subfield code="a">Revista Española de Salud Publica</subfield>
   </datafield>
   <datafield ind2="0" ind1="0" tag="245">
      <subfield code="a">Comentarios del Comité Español Interdisciplinario de Prevención Cardiovascular (CEIPC) a las guías europeas de prevención cardiovascular 2012</subfield>
   </datafield>
</record></metadata></record></GetRecord></OAI-PMH>